Carefree Dignity : (Record no. 2387)

MARC details
000 -LEADER
fixed length control field 00780nam a2200241 i 4500
003 - CONTROL NUMBER IDENTIFIER
control field OSt
005 - DATE AND TIME OF LATEST TRANSACTION
control field 20241025120946.0
008 - FIXED-LENGTH DATA ELEMENTS--GENERAL INFORMATION
fixed length control field 240427s1998 hk |||||r|||| 00| 0 eng d
020 ## - INTERNATIONAL STANDARD BOOK NUMBER
International Standard Book Number 9627341320
040 ## - CATALOGING SOURCE
Original cataloging agency LHL
Language of cataloging eng
Transcribing agency LHL
Description conventions rda
100 ## - MAIN ENTRY--PERSONAL NAME
Personal name Tsoknyi Rinpoche
245 ## - TITLE STATEMENT
Title Carefree Dignity :
Remainder of title discourses on training in the nature of mind /
Statement of responsibility, etc. by Drubwang Tsoknyi Rinpoche.
264 ## - PRODUCTION, PUBLICATION, DISTRIBUTION, MANUFACTURE, AND COPYRIGHT NOTICE
Place of production, publication, distribution, manufacture Hong Kong :
Name of producer, publisher, distributor, manufacturer Rangjung Yeshe,
Date of production, publication, distribution, manufacture, or copyright notice 1998.
300 ## - PHYSICAL DESCRIPTION
Extent 236 pages ;
Dimensions 23 cm.
336 ## - CONTENT TYPE
Source rdacontent
Content type term text
Content type code txt
337 ## - MEDIA TYPE
Source rdamedia
Media type term unmediated
Media type code n
338 ## - CARRIER TYPE
Source rdacarrier
Carrier type term volume
Carrier type code nc
650 ## - SUBJECT ADDED ENTRY--TOPICAL TERM
Topical term or geographic name entry element Meditation
700 ## - ADDED ENTRY--PERSONAL NAME
Personal name Kunsang, Erik Pema
Relator term translator & complier
700 ## - ADDED ENTRY--PERSONAL NAME
Personal name Schmidt, Marcia Binder
Relator term translator & complier
700 ## - ADDED ENTRY--PERSONAL NAME
Personal name Moran, Kerry
Relator term editor
942 ## - ADDED ENTRY ELEMENTS (KOHA)
Koha item type Book
Suppress in OPAC No
Source of classification or shelving scheme Lindholme Classification Scheme
Holdings
Withdrawn status Lost status Source of classification or shelving scheme Damaged status Not for loan Collection Home library Current library Shelving location Date acquired Total checkouts Full call number Barcode Date last seen Price effective from Koha item type
    Lindholme Classification Scheme     Vajrayana Lindholme Hall Library Lindholme Hall Library General stacks 25/10/2024   505 TSO 2405708 25/10/2024 25/10/2024 Book
    Lindholme Classification Scheme     Vajrayana Lindholme Hall Library Lindholme Hall Library General stacks 25/10/2024   505 TSO 2405709 25/10/2024 25/10/2024 Book
    Lindholme Classification Scheme     Vajrayana Lindholme Hall Library Lindholme Hall Library General stacks 25/10/2024   505 TSO 2405751 25/10/2024 25/10/2024 Book